Untersuchungen zur Staats- und Herrschaftsmetaphorik in literarischen Zeugnissen von der Antike bis zur Gegenwart
Uloženo v:
| Hlavní autor: | |
|---|---|
| Médium: | Kniha |
| Vydáno: |
München, Deutschland:
Wilhelm Fink,
1983.
|
| Témata: | |
| Tagy: |
Přidat tag
Žádné tagy, Buďte první, kdo vytvoří štítek k tomuto záznamu!
|
MARC
| LEADER | 00000nam a22000007a 4500 | ||
|---|---|---|---|
| 003 | CL-VaPUC | ||
| 005 | 20230126095300.0 | ||
| 008 | 220802t1983 ||||| |||| 00| 0 eng d | ||
| 999 | |c 437859 |d 437857 | ||
| 020 | |a 3-7705-2181-1 | ||
| 040 | |c Pontificia Universidad Católica de Valparaíso | ||
| 082 | 7 | |a 809.93358 PEI 1983 |2 22 | |
| 100 | 1 | |a Peil, Dietmar |e autor |9 874586 | |
| 245 | |a Untersuchungen zur Staats- und Herrschaftsmetaphorik in literarischen Zeugnissen von der Antike bis zur Gegenwart | ||
| 260 | |a München, Deutschland: |b Wilhelm Fink, |c 1983. | ||
| 300 | |a XIII, 940 páginas. | ||
| 583 | |c 20220802 |k GC | ||
| 650 | |a Metáfora |x Literatura |9 874587 | ||
| 650 | |a Civilización antigua |x En literatura |9 874588 | ||
| 942 | |2 ddc |c BK | ||
| 952 | |0 0 |1 0 |2 ddc |4 0 |6 809_933580000000000_PEI_1983 |7 0 |8 C_AGB |9 585706 |a BIBDER |b BIBDER |d 2022-08-02 |e Donación |i 5653701 |o 809.93358 PEI 1983 |p 5653701 |r 2023-01-25 |t 1 |w 2022-08-02 |y BK_US |k AGB | ||